00302nam a2200109Ia 4500008004100000041000800041082001700049100001100066245005200077260004400129300001900173241028s9999 xx 000 0 und d aeng a658.1599 MAD aMadura aInternational Financial Management With Mindtap bCengage Learning IndiaaAustraliac2018 a712;. P. 25 CM